000 00660nam a2200181Ia 4500
008 100921s9999 xx 000 0 und d
082 _b31195
_a891.463 थ 99
100 _aमहाजन भास्कर.
245 _aब्रेन बिझनेस.
260 _bफेमस बुक सेंटर,नागपूर.
_c1999
300 _a134
_bशांती पब्लिकेशन,पुणे
365 _b100
520 _aललित-कादंबरी.
630 _aब्रेन बिझनेस.
650 _aललित-कादंबरी.
730 _aब्रेन बिझनेस.
942 _cBOOK
999 _c780308
_d780305